Encyclomedia, television edition.

Bibliographic Details
Format: Serial
Language:English
Published: New York : Decisions Publications.
Subjects:

MARC

Tag First Indicator Second Indicator Subfields
LEADER 00000cas a2200000 i 4500
001 in00000045618
005 20240507153652.0
008 791116c197u9999nyuar s 0 a0eng d
035 |a (OCoLC)ocm05700929  
035 |a (OCoLC)5700929 
035 |a (OCoLC)ocm05700929  
037 |b Decisions Publications, 342 Madision Ave., New York, N.Y. 10017 
040 |a UIU  |b eng  |c UIU  |d OCL  |d OCLCF  |d OCLCO  |d OCLCQ  |d OCLCO  |d OCLCQ  |d OCLCL 
043 |a n-us--- 
050 4 |a HF5801  |b .E558 
082 0 4 |a 384.55  |b En2 
245 0 0 |a Encyclomedia, television edition. 
246 1 3 |a Television encyclomedia 
260 |a New York :  |b Decisions Publications. 
300 |a volumes ;  |c 28 cm 
336 |a text  |b txt  |2 rdacontent 
337 |a unmediated  |b n  |2 rdamedia 
338 |a volume  |b nc  |2 rdacarrier 
515 |a Volumes for 19<79>- called v. <2>, no. <2> etc., reflecting this title's relation to the other Encyclomedia titles. 
650 0 |a Television  |z United States  |v Statistics. 
650 6 |a Télévision  |z États-Unis  |v Statistiques. 
650 7 |a Television.  |2 fast  |0 (OCoLC)fst01146535 
651 7 |a United States.  |2 fast  |0 (OCoLC)fst01204155  |1 https://id.oclc.org/worldcat/entity/E39PBJtxgQXMWqmjMjjwXRHgrq 
655 7 |a Statistics.  |2 fast  |0 (OCoLC)fst01423727 
936 |a 1979 
948 |h HELD BY TXA - 10 OTHER HOLDINGS 
994 |a Z0  |b TXA 
999 f f |s 5b977e06-e5d5-3043-8408-14b52206705b  |i 9304382a-051d-382e-98e1-60904143847c  |t 0 
952 f f |a Texas A&M University  |b Rellis Campus  |c Joint Library Facility  |d Remote Storage  |e HE8700.8 .E5  |h Library of Congress classification  |i unmediated -- volume  |k v.2:no,2  |l 1979  |m A14834228962  |p ric  |s JLF  |t 0 
998 f f |a HE8700.8 .E5  |s v.2:no.2 (1979)  |t 0  |l Remote Storage